| Tag |
First Indicator |
Second Indicator |
Subfields |
| LEADER |
00000cam a2200000 a 4500 |
| 001 |
in00000078157 |
| 005 |
20190914063454.0 |
| 008 |
820514s1981 caua b 00000 eng |
| 010 |
|
|
|a 80084293
|
| 020 |
|
|
|a 0875898483 (pbk.) :
|c $6.95
|
| 035 |
|
|
|a (OCoLC)07917169
|
| 035 |
|
|
|9 AAJ6260AM
|
| 039 |
0 |
|
|a 2
|b 3
|c 3
|d 3
|e 3
|
| 040 |
|
|
|a DLC
|c DLC
|d TXA
|d UtOrBLW
|
| 043 |
|
|
|a n-us---
|
| 049 |
|
|
|a TXAM
|c [1805222]
|
| 050 |
0 |
0 |
|a HV3006.A4
|b I83
|
| 082 |
0 |
|
|a 362.2/3
|2 19
|
| 245 |
0 |
0 |
|a Issues in community residential care /
|c Richard D. Budson, editor.
|
| 264 |
|
1 |
|a San Francisco :
|b Jossey-Bass,
|c 1981.
|
| 300 |
|
|
|a 124 pages :
|b illustrations ;
|c 23 cm.
|
| 336 |
|
|
|a text
|b txt
|2 rdacontent
|
| 337 |
|
|
|a unmediated
|b n
|2 rdamedia
|
| 338 |
|
|
|a volume
|b nc
|2 rdacarrier
|
| 490 |
1 |
|
|a New directions for mental health services,
|x 0193-9416 ;
|v no. 11
|
| 504 |
|
|
|a Includes bibliographies and index.
|
| 505 |
0 |
|
|a Managing the difficult patient in the community residence / Henry S. White -- Maximizing the potential of board and care homes / R. Richard Lamb -- Can foster care survive? / Margaret W. Linn -- Toward harmonious community care placement / Steven P. Segal, Jim Baumohl -- The community versus community care / Richard C. Baron, Joseph R. Piasecki -- Exclusionary zoning / Lawrence Kressel -- The cost of community residential services / Joseph R. Piasecki -- Challenging themes in community residential care systems / Richard D. Budson.
|
| 650 |
|
0 |
|a Intellectual disability facilities
|z United States.
|
| 650 |
|
0 |
|a Halfway houses
|z United States.
|
| 700 |
1 |
|
|a Budson, Richard D.
|
| 830 |
|
0 |
|a New directions for mental health services ;
|v no. 11.
|
| 999 |
|
|
|a MARS
|
| 999 |
f |
f |
|s 0a4b5bdc-06d1-3e56-b933-f6ba9fde016f
|i 798bafea-8d78-345b-a387-bb694ec74cc3
|t 0
|
| 952 |
f |
f |
|p ric
|a Texas A&M University
|b Rellis Campus
|c Joint Library Facility
|d Remote Storage
|t 0
|e HV3006.A4 I83
|h Library of Congress classification
|i unmediated -- volume
|m A14806146275
|
| 998 |
f |
f |
|a HV3006.A4 I83
|t 0
|l Remote Storage
|